000 00771nam a2200253 a 4500
001 nice12345678
003 IN_TiNIC
005 20260116013250.0
008 050524s1999 jaia grp 000 0 eng
020 _a8170333
_c400
082 0 0 _a306.0955
_bSIN
100 _aSingh, Yogendra
245 _aModernization of Indian Tradition
260 _aJaipur
_bRawat Publications
_c1999
300 _a267p
500 _aincludes index and biblioraphy
505 2 _aThe author uses Clifford Greetz`s concept of the theatre state to help analyse contemporary politics and ethinic relations in the region.
650 _aCulture-India-Modernity
650 _aSociology-India
700 1 _aSingh, Yogendra
902 _bSRS
942 _cBK
999 _c10318
_d10318